000 01298cam a2200349 4500
008 040112n2003 000 0 eng u
020 _a0471459690
035 _a(Sirsi) u124821
041 _aeng
050 _a690
_c18
100 _aAllen, E.
245 _aExercises in building construction
250 _a4th ed.
260 _aJohn Wiley
_c2003
300 _avi, 154p.
_c28cm.
350 _a23.99
520 _aCompanion to "Fundamentals of building construction" (ISBN1471219037). A collection of problem-solving construction assignments covering everyday issues faced by professional building architects. Contains forty-five real-world construction problems with instructions for each exercise complete with additional resources for students and instructors.
650 _aBUILT ENVIRONMENT-BUILDING ELEMENTS-COMPLETE BUILDING ELEMENTS-FOUNDATIONS
650 _aTIMBER FRAME CONSTRUCTION
650 _aEXTERNAL FINISHES
650 _aINTERIORS
650 _aMASONRY
650 _aLOAD BEARING WALLS
650 _aSTEEL FRAME CONSTRUCTION
650 _aCONCRETE
650 _aGLAZING
650 _aCEILINGS
650 _aBUILT ENVIRONMENT-BUILDING ELEMENTS-COMPLETE BUILDING ELEMENTS-FLOORS
690 _aBUILT ENVIRONMENT
700 _aIano, J.
942 _n0
999 _c103281
_d103281